000 01340nam0a2200313 4500
001 RU\NLR\BIBL_A\016337539
005 20250625045349.0
035 _a(NLR Aleph) 016337539
090 _a13081030
_c13081030
100 _a20230407d1931 |||y0rusy50 ca
101 0 _aava
102 _aRU
105 _ay z 000 y
181 0 _ai
_baxxe
182 0 _an
200 1 _aХъвай цӀцӀали лъаларезда гьеб лъазе гьабизе культармейцасе кумек
_fданде гьабурал В. Д. Воскресенский ва Л. П. Богоявленский
203 _aТекст
_bвизуальный
_cнепосредственный
210 _aМахачкала
_cДагъистан хъукуматалъул басма
_d1931
215 _a26,[1] с.
_d19
300 _aЛатин. графика
541 1 _aПамятка для культармейца по обучению чтению и письму
_zrus
606 1 _aЛиквидация неграмотности
_91256302
_3RU\NLR\AUTH\66197812
686 1 _aЧ448
702 1 _aВоскресенский
_bВ.Д.
_gВасилий Дмитриевич
_4220
852 _aNLR
_bОНЛ
_jАвар./2-65
852 _aNLR
_bОНЛ
_jАвар./2-65
942 _cBOOK
980 _aNB